000 01128nam a22003137a 4500
003 CHAP
005 20220329135459.0
008 971013s1981 r 00010 d
010 _a37280
011 _a38252
035 _a42372
040 _cCHAP
082 _a634.927
_bM4
110 _aMéxico. Dirección General de Educación Tecnológica Agropecuaria
_976981
245 _aGuía de planeación y control de las actividades forestales
260 _aMéxico, D.F. :
_bLa Dirección,
_c1981
300 _a266 p.
_b: ilus. ; gráfs
590 _aBATCH-UPD
_b10
_c20130110
_lUCH01
_h1727
590 _aBATCH-UPD
_b10
_c20130410
_lUCH01
_h1109
590 _aBATCH-UPD
_b10
_c20130914
_lUCH01
_h0712
590 _aCONVERSION
_b10
_c20130109
_lUCH01
_h1321
650 1 4 _aBosques
_xMéxico.
_914341
650 1 4 _aRecursos forestales
_zMéxico.
_995075
901 _aBK
942 _cLIBRO
949 _a634.927 M4
_bBC
_cLIBRO
_d-97548
_eLIBRO
_fc.2
_h57114
_i42372
_si
_t200.00
949 _a634.927 M4
_bBC
_cLIBRO
_d33724002138124
_eLIBRO
_fc.3
_gI.c/e
_h111493
_i42372
_sb
949 _a634.927 M4
_bBC
_cMUT
_d-97547
_eMUT
_h57113
_i42372
_si
_t200.00
999 _c37280
_d37280